| 000 | 00633cam a22001935a 4500 | ||
|---|---|---|---|
| 001 | L154871 | ||
| 008 | 120124s1972 xxk f 000 0 eng d | ||
| 035 | _a(Sirsi) u154871 | ||
| 041 | 0 | _aeng | |
| 050 | 0 | 4 | _a692.8 $2 18 |
| 110 | 2 |
_aInstitute of Quantity Surveyors _92491 |
|
| 245 | 0 | 4 | _aThe need for a national arbitration board |
| 260 |
_aLondon _bIQS _c1972 |
||
| 300 |
_a12p. _c30cm. |
||
| 520 | _aLooks at contract disputes and how these can be solved. Discusses the pros and cons of a National Arbitration Board to settle such disputes. | ||
| 651 | 4 |
_aUnited Kingdom _y |
|
| 690 |
_aQuantity surveying _96263 |
||
| 942 | _n0 | ||
| 999 |
_c113211 _d113211 |
||